| 000 | 00736nam a2200181 i 4500 | ||
|---|---|---|---|
| 001 | 100166 | ||
| 003 | ES-MaACL | ||
| 005 | 20250915063047.0 | ||
| 007 | t| | ||
| 008 | 050922s1972 zzz ||||1| spa d | ||
| 100 | 1 |
_aMartínez Val, José María, _d1916- _978455 |
|
| 245 | 1 | 0 |
_aLo vivo y lo muerto en la idea marxista _b: Discurso de ingreso en la Real Academia de Ciencias Económicas y Financieras de Barcelona el 21 de Febrero de 1969 / _cJosé María Martínez Val. |
| 260 |
_a[s.l. : _bs.n.], _c1972. |
||
| 300 |
_a26 h. ; _c22 cm. |
||
| 500 | _aEs fotocopia de "Anales de la Real Academia de Ciencias Económicas y Financieras. Curso 1968-69. p. 127-151. | ||
| 852 |
_aES-MaACL _j2103-F-18 _bR.94620 |
||
| 999 |
_c100166 _d100166 |
||